Kamusi ya semi za Kiswahili / (Record no. 14925)
[ view plain ]
| 000 -LEADER | |
|---|---|
| fixed length control field | 00700cam a22002172 4500 |
| 001 - CONTROL NUMBER | |
| control field | 0000002672 |
| 005 - DATE AND TIME OF LATEST TRANSACTION | |
| control field | 20151217161132.0 |
| 008 - FIXED-LENGTH DATA ELEMENTS--GENERAL INFORMATION | |
| fixed length control field | 070418s xx 000 0 eng d |
| 020 ## - INTERNATIONAL STANDARD BOOK NUMBER | |
| International Standard Book Number | 9966465405 : |
| Terms of availability | KES 315 |
| 040 ## - CATALOGING SOURCE | |
| Original cataloging agency | KABU |
| Transcribing agency | KABU |
| 050 #0 - LIBRARY OF CONGRESS CALL NUMBER | |
| Classification number | PL8703 |
| Item number | .N331 |
| 100 1# - MAIN ENTRY--PERSONAL NAME | |
| Personal name | Ndalu, Ahmed. |
| -- | 0000152135 |
| 245 10 - TITLE STATEMENT | |
| Title | Kamusi ya semi za Kiswahili / |
| Statement of responsibility, etc. | Ahmed Ndalu, Kitula G. King'ei. |
| 260 ## - PUBLICATION, DISTRIBUTION, ETC. (IMPRINT) | |
| Place of publication, distribution, etc. | Nairobi : |
| Name of publisher, distributor, etc. | East African Educational Publishers, |
| Date of publication, distribution, etc. | c1988. |
| 300 ## - PHYSICAL DESCRIPTION | |
| Extent | 139 p. ; |
| Dimensions | 21 cm. |
| 650 #0 - SUBJECT ADDED ENTRY--TOPICAL TERM | |
| Topical term or geographic name as entry element | Swahili language |
| General subdivision | Savings |
| Form subdivision | Dictionaries. |
| -- | 0000152138 |
| 700 1# - ADDED ENTRY--PERSONAL NAME | |
| Personal name | King'ei Kitula G. |
| -- | 0000152139 |
| 908 ## - PUT COMMAND PARAMETER (RLIN) | |
| Put command parameter | 070418 |
| 950 ## - LOCAL HOLDINGS (RLIN) | |
| -- | 1 |
| Withdrawn status | Lost status | Source of classification or shelving scheme | Not for loan | Home library | Current library | Date acquired | Total Checkouts | Full call number | Barcode | Date last seen | Price effective from | Koha item type |
|---|---|---|---|---|---|---|---|---|---|---|---|---|
| Library of Congress Classification | Not For Loan | Kabarak, Main Campus | Kabarak, Main Campus | 17/12/2015 | PL8703 .N331 | 009951 | 17/12/2015 | 17/12/2015 | Reference |